00302 a2200121 450000100060000004000260000610000250003224000390005724500340009630000100013036200090014065000310014948363 cAnchieta - Bela Vista aBUENO, Maria Célia10aMarcela, Pedrita mãe aflitalpor10aMarcela, Pedrita mãe aflita a16 p.0 a1995 4aLiteratura infanto-juvenil